| 000 | 00367cam a22001337a 4500 | ||
|---|---|---|---|
| 008 | 180718b1993 xxu||||| |||| 00| 0 eng d | ||
| 020 | _a0273602594 | ||
| 082 | _aI513 W693 | ||
| 100 | _aWilson, Graham | ||
| 245 |
_aMaking change happen: a step-by-step guide _cby Graham Wilson |
||
| 260 |
_aLondon _bPitman _c1993 |
||
| 300 | _a240p. | ||
| 650 | _aOrganizational change | ||
| 999 |
_c359904 _d359904 |
||